Statistics for All countries by the Democracy Index

Click here to take the quiz!

General Stats

  • This quiz has been taken 116 times
    (107 since last reset)
  • The average score is 56 of 165

Answer Stats

RegionCategoryScoreAnswer% Correct
AAAuthoritarian1.08North Korea
86%
AAAuthoritarian0.32Afghanistan
66%
MENAAuthoritarian1.43Syria
62%
MENAAuthoritarian1.95Libya
59%
SSAAuthoritarian1.40Democratic Republic of the Congo
59%
SSAAuthoritarian1.43Central African Republic
59%
CEEAuthoritarian1.66Turkmenistan
59%
SSAAuthoritarian1.67Chad
59%
MENAAuthoritarian1.95Yemen
59%
WEFull Democracy9.75Norway
55%
CEEAuthoritarian1.94Tajikistan
52%
LACAuthoritarian2.11Venezuela
52%
LACAuthoritarian2.59Cuba
52%
AAAuthoritarian1.77Laos
52%
MENAAuthoritarian1.95Iran
52%
MENAAuthoritarian2.08Saudi Arabia
52%
CEEAuthoritarian2.41Belarus
48%
SSAAuthoritarian2.03Eritrea
48%
CEEAuthoritarian2.12Uzbekistan
45%
AAAuthoritarian2.21China
45%
AAAuthoritarian1.02Myanmar
45%
SSAAuthoritarian1.92Equatorial Guinea
45%
NAFlawed Democracy7.85United States
41%
MENAHybrid Regime5.99Tunisia
41%
SSAAuthoritarian2.92Zimbabwe
41%
AAFull Democracy8.96Australia
41%
MENAFlawed Democracy7.97Israel
41%
WEFull Democracy9.09Denmark
41%
WEFull Democracy9.18Iceland
41%
WEFull Democracy9.27Finland
41%
AAFull Democracy9.37New Zealand
41%
MENAAuthoritarian2.93Egypt
41%
WEFull Democracy9.00Ireland
41%
MENAAuthoritarian2.90United Arab Emirates
41%
LACAuthoritarian2.69Nicaragua
41%
MENAAuthoritarian2.52Bahrain
41%
CEEAuthoritarian2.68Azerbaijan
41%
MENAAuthoritarian2.47Sudan
41%
WEFlawed Democracy7.94Spain
38%
WEFull Democracy8.67Germany
38%
WEFull Democracy8.90Switzerland
38%
AAAuthoritarian2.90Cambodia
38%
LACHybrid Regime5.86Paraguay
38%
CEEAuthoritarian3.08Kazakhstan
38%
WEFull Democracy8.88Netherlands
38%
NAFull Democracy8.87Canada
38%
WEFull Democracy8.68Luxembourg
38%
AAFull Democracy8.16South Korea
38%
SSAAuthoritarian2.75Guinea Bissau
38%
LACFlawed Democracy6.48Colombia
38%
AAFull Democracy8.15Japan
38%
LACFlawed Democracy6.86Brazil
38%
CEEFlawed Democracy7.03Slovakia
38%
WEFlawed Democracy7.51Belgium
38%
WEFlawed Democracy7.68Italy
38%
SSAAuthoritarian2.13Burundi
38%
WEFull Democracy9.26Sweden
38%
SSAAuthoritarian2.28Guinea
38%
MENAAuthoritarian3.49Jordan
38%
MENAAuthoritarian3.51Iraq
38%
MENAAuthoritarian3.84Lebanon
38%
LACAuthoritarian3.48Haiti
38%
CEEAuthoritarian3.24Russia
38%
MENAAuthoritarian3.77Algeria
34%
SSAAuthoritarian2.79Republic of the Congo
34%
SSAAuthoritarian2.56Cameroon
34%
SSAAuthoritarian2.80Togo
34%
CEEFlawed Democracy6.80Poland
34%
MENAAuthoritarian3.65Qatar
34%
LACFlawed Democracy6.81Argentina
34%
CEEFlawed Democracy7.31Latvia
34%
CEEFlawed Democracy6.64Bulgaria
34%
WEFull Democracy8.10United Kingdom
34%
CEEFlawed Democracy6.43Romania
34%
AAFull Democracy8.99Taiwan
34%
CEEFlawed Democracy7.18Lithuania
34%
AAAuthoritarian2.94Vietnam
34%
MENAAuthoritarian3.00Oman
34%
SSAAuthoritarian3.10Rwanda
34%
CEEFlawed Democracy7.84Estonia
34%
WEFlawed Democracy7.82Portugal
34%
SSAAuthoritarian2.74Djibouti
34%
CEEFlawed Democracy7.74Czechia
34%
LACFull Democracy8.85Uruguay
34%
WEFlawed Democracy7.99France
34%
MENAHybrid Regime5.04Morocco
34%
WEFlawed Democracy7.57Malta
34%
CEEFlawed Democracy7.54Slovenia
34%
AAFlawed Democracy6.91India
31%
SSAAuthoritarian3.30Ethiopia
31%
SSAFlawed Democracy7.05South Africa
31%
SSAAuthoritarian3.22Niger
31%
LACFull Democracy8.07Costa Rica
31%
SSAFlawed Democracy7.73Botswana
31%
WEFull Democracy8.07Austria
31%
CEEFlavwed Democracy6.50Croatia
31%
SSAAuthoritarian3.40Gabon
31%
WEFlawed Democracy7.56Greece
31%
LACFlawed Democracy7.92Chile
31%
SSAAuthoritarian3.20Comoros
31%
SSAAuthoritarian3.08Eswatini
31%
AAHybrid Regime5.71Bhutan
31%
AAFlawed Democracy6.04Thailand
31%
CEEAuthoritarian3.62Kyrgyzstan
31%
CEEFlawed Democracy6.02Montenegro
31%
CEEFlawed Democracy6.03North Macedonia
31%
LACHybrid Regime5.10Honduras
31%
LACHybrid Regime4.65Bolivia
31%
LACFlawed Democracy6.09Peru
31%
MENAAuthoritarian3.91Kuwait
31%
LACHybrid Regime5.71Ecuador
31%
LACHybrid Regime4.62Guatemala
28%
LACHybrid Regime5.72El Salvador
28%
AAHybrid Regime4.41Nepal
28%
WEHybrid Regime4.35Turkey
28%
LACHybrid Regime5.57Mexico
28%
AAHybrid Regime4.31Pakistan
28%
CEEFlawed Democracy6.36Serbia
28%
SSAAuthoritarian3.48Mali
28%
SSAAuthoritarian3.51Mozambique
28%
LACFlawed Democracy6.45Dominican Republic
28%
SSAFull Democracy8.08Mauritius
28%
SSAAuthoritarian3.37Angola
28%
CEEFlawed Democracy6.50Hungary
28%
LACFlawed Democracy6.85Panama
28%
SSAAuthoritarian3.84Burkina Faso
24%
SSAHybrid Regime5.05Kenya
24%
CEEFlawed Democracy6.11Albania
24%
CEEFlawed Democracy6.10Moldova
24%
SSAHybrid Regime4.48Uganda
24%
CEEHybrid Regime5.04Bosnia and Herzegovina
24%
SSAHybrid Regime5.10Tanzania
24%
AAFlawed Democracy6.62Philippines
24%
CEEHybrid Regime5.12Georgia
24%
WEFlawed Democracy7.43Cyprus
24%
CEEHybrid Regime5.49Armenia
24%
AAFlawed Democracy7.24Malaysia
24%
CEEHybrid Regime5.57Ukraine
24%
LACFlawed Democracy7.13Jamaica
24%
AAFlawed Democracy7.06East Timor
24%
AAHybrid Regime5.99Bangladesh
24%
SSAHybrid Regime4.03Mauritania
24%
SSAHybrid Regime5.74Malawi
21%
SSAHybrid Regime5.70Madagascar
21%
SSAHybrid Regime5.43Liberia
21%
LACFlawed Democracy6.82Suriname
21%
AAFlawed Democracy6.71Indonesia
21%
SSAFlawed Democracy6.52Namibia
21%
SSAFlawed Democracy6.50Ghana
21%
SSAHybrid Regime4.11Nigeria
21%
SSAHybrid Regime4.19Benin
21%
LACFlawed Democracy6.25Guyana
21%
SSAHybrid Regime4.22Ivory Coast
21%
SSAHybrid Regime4.41The Gambia
21%
SSAHybrid Regime4.97Sierra Leone
21%
SSAHybrid Regime5.72Zambia
21%
AAHybrid Regime5.61Fiji
21%
SSAHybrid Regime5.53Senegal
21%
SSAFlawed Democracy7.65Cape Verde
17%
LACFlawed Democracy7.16Trinidad and Tobago
17%
AAFlawed Democracy6.14Sri Lanka
17%
AAFlawed Democracy6.23Singapore
17%
SSAFlawed Democracy6.30Lesotho
17%
AAFlawed Democracy6.42Mongolia
17%
AAFlawed Democracy6.10Papua New Guinea
17%

Score Distribution

Percentile by Number Answered

Percent of People with Each Score

Your Score History

You have not taken this quiz since the last reset